000 00734nam a22002297a 4500
001 32368
003 UA-OsUOA
005 20220527135906.0
007 ta
008 20050201b un ||||| |||| 00| 0 ukr d
040 _aUA-OsUOA
_brus
_cUA-OsUOA
_dUA-OsUOA
041 _arus
044 _aRU
080 _a821(100)
090 _a821(100)
_bП28
245 _aПеснь о Роланде. Коронование Людовика. Нимская телега. Песнь о Сиде. Романсеро
_cвступ. ст. Н. Томашевский
260 _aМосква
_bХудожественная литература
_c1976
300 _a656 с.
_bІлюстрації
650 7 _2UDC
942 _cBK
_2udc
955 _a0
999 _c318810
_d318810